Letáky konkurujú reklame
Až 80 perc. respondentov na Slovensku akceptuje letáky ako reklamnú informáciu. Cieľom letákových aktivít je hlavne slúžiť orientácii spotrebiteľov. Slovensko zaznamenáva pozitívny trend v oblasti letákov. Letáky ako dôležitý marketingový nástroj. Leaflet Monitor - jeho charakteristika a úloha. Obch...
Enregistré dans:
| Auteur principal: | |
|---|---|
| Format: | Chapitre de livre |
| Langue: | slovaque |
| Sujets: | |
| Tags: |
Pas de tags, Soyez le premier à ajouter un tag!
|
MARC
| LEADER | 00000naa$a2200000$$$4500 | ||
|---|---|---|---|
| 001 | 0022193 | ||
| 005 | 20231005104310.4 | ||
| 041 | 0 | |a slo | |
| 044 | |a SK | ||
| 245 | 1 | 0 | |a Letáky konkurujú reklame |c Jana Bokorová |
| 520 | |a Až 80 perc. respondentov na Slovensku akceptuje letáky ako reklamnú informáciu. Cieľom letákových aktivít je hlavne slúžiť orientácii spotrebiteľov. Slovensko zaznamenáva pozitívny trend v oblasti letákov. Letáky ako dôležitý marketingový nástroj. Leaflet Monitor - jeho charakteristika a úloha. Obchodné reťazce spolupracujúce s Leaflet Monitorom. Informácie dostupné z analýz Leaflet Monitoru. | ||
| 610 | 2 | 0 | |a reklama |
| 610 | 2 | 0 | |a spotrebitelia |
| 610 | 2 | 0 | |a nástroje marketingové |
| 610 | 2 | 0 | |a analýzy |
| 610 | 2 | 0 | |a informácie |
| 610 | 2 | 0 | |a Slovensko |
| 610 | 2 | 0 | |a prostriedky reklamné |
| 610 | 2 | 0 | |a Leaflet Monitor |
| 100 | 1 | |a Bokorová, Jana | |